000
00216nam a2200097Ia 4500
005
20251222114402.0
008
251222s1900||||xx |||||||||||||| ||spa||
082
_a
DVD0080/S75/2012/BR
245
0
_a
Lincoln:
942
_c
DVD
999
_c
1667
_d
1667